000 00356nam a2200157Ia 4500
003 OSt
005 20240117122132.0
008 170524s9999 xx 000 0 und d
020 _a8121926114
040 _cIIMT UNIVERSITY
100 _aSubrahmanyan-N
245 0 _aTEXT BOOK OF OPTICS
260 _bNew Delhi S Chand
260 _c2008
942 _2ddc
_c02
999 _c4630
_d4630